| 000 | 00504nam a2200181Ia 4500 | ||
|---|---|---|---|
| 005 | 20250423101311.0 | ||
| 008 | 250422s9999 xx 000 0 und d | ||
| 020 | _a0425095932 | ||
| 050 | _aHQ 470.S3 V313/ | ||
| 100 | _aVātsyāyana. | ||
| 245 | 4 | _aThe kama sutra of Vatsyayana | |
| 260 | _aNew York | ||
| 260 | _bBerkley Books | ||
| 260 | _c2005 | ||
| 300 | _a308 p | ||
| 650 | _aLove--Early works to 1800. Sex instruction--Early works to 1800. Sex customs--Early works to 1800. | ||
| 942 | _cBK | ||
| 999 |
_c35901 _d35901 |
||